| 000 | 00382nam a2200157 4500 | ||
|---|---|---|---|
| 008 | 190712s1992||||xo d | ||
| 100 | 1 |
_aMusset Jacques _91298 |
|
| 245 | 1 | 0 | _aOdkrývanie sveta Biblie - NZ |
| 250 | _a1.vydanie | ||
| 260 |
_bMladé letá _aBratislava _c1992 |
||
| 300 | _a260 s. | ||
| 020 |
_a8006004269 _c0 |
||
| 041 | 1 | _aslo | |
| 044 |
_axo _cSK |
||
| 958 | _aA | ||
| 999 |
_c22646 _d22646 |
||